I pioneri dell'evoluzione da Talete ad Huyley... / (Record no. 44818)

MARC details
000 -LEADER
campo de control de longitud fija 00483nam a2200169 i 4500
001 - NÚMERO DE CONTROL
campo de control 44818
003 - IDENTIFICADOR DE NÚMERO DE CONTROL
campo de control ES-MaACL
005 - FECHA Y HORA DE LA ÚLTIMA TRANSACCIÓN
campo de control 20230906161111.0
007 - CAMPO FIJO DE DESCRIPCIÓN FÍSICA--INFORMACIÓN GENERAL
campo de control de longitud fija t|
008 - DATOS DE LONGITUD FIJA--INFORMACIÓN GENERAL
campo de control de longitud fija 030324s1910 it ||||1| ita d
100 1# - ENTRADA PRINCIPAL--NOMBRE DE PERSONA
Nombre de persona Clodd, Edoardo.
9 (RLIN) 39276
245 12 - MENCIÓN DEL TÍTULO
Título I pioneri dell'evoluzione da Talete ad Huyley... /
Mención de responsabilidad, etc. Edoardo Clodd.
260 ## - PUBLICACIÓN, DISTRIBUCIÓN, ETC.
Lugar de publicación, distribución, etc. Torino :
Nombre del editor, distribuidor, etc. Bocca,
Fecha de publicación, distribución, etc. 1910 (
Fabricante Guido Momo)
300 ## - DESCRIPCIÓN FÍSICA
Extensión X, 284 p. ;
Dimensiones 20 cm.
500 ## - NOTA GENERAL
Nota general Con el retrato de Darwin.
852 ## - LOCALIZACIÓN
Ubicación ES-MaACL
Número de control de estantería F-10487
Holdings
Estatus retirado Estado de pérdida Estado de daño No para préstamo Biblioteca de origen Biblioteca actual Ubicación en estantería Fecha de adquisición Fuente de adquisición Total de préstamos Signatura topográfica completa Código de barras Visto por última vez Precio de reemplazo Tipo de ítem Koha
        Biblioteca del Ateneo de Madrid Biblioteca del Ateneo de Madrid Sala Pecera Planta 2 17/01/2008     F-10487 1047168 23/02/2023 23/02/2023 Libro impreso